literature by subtitle - Statistics

General Stats
  • This quiz has been taken 43 times
  • The average score is 7 of 15
Answer Stats
subtitle type writer year title % Correct
or, The Whale novel Herman Melville 1851 Moby-Dick
97%
or, The Modern Prometheus novel Mary Shelley 1818 Frankenstein
95%
or, The Parish Boy's Progress novel Charles Dickens 1839 Oliver Twist
78%
ou l'Optimisme novel Voltaire 1759 Candide
62%
or The Children's Crusade: A Duty-Dance with Death novel Kurt Vonnegut 1969 Slaughterhouse-Five
54%
Provincial Manners novel Gustave Flaubert 1856 Madame Bovary
51%
A Study of Provincial Life. novel George Eliot 1871 Middlemarch
49%
A Trivial Comedy for Serious People play Oscar Wilde 1895 The Importance of Being Earnest
49%
A Pure Woman Faithfully Presented novel Thomas Hardy 1891 Tess of the D'Urbervilles
41%
A Gay Fantasia on National Themes play Tony Kushner 1991 Angels in America
35%
or, What You Will play William Shakespeare 1602 Twelfth Night
35%
or, Virtue Rewarded novel Samuel Richardson 1740 Pamela
24%
A Story of Wall Street story Herman Melville 1853 Bartleby, the Scrivener
14%
A Ballad of the Republic, Sung in the Year 1888 poem Ernest Thayer 1888 Casey at the Bat
8%
A Fantasy story Edgar Allan Poe 1842 The Mask of the Red Death
5%
No matching quizzes found
Score Distribution
Percent of People with Each Score
Percentile by Number Answered
Your Score History
You have not taken this quiz